A. The new russian revolution: The transition to Markets in Russia and the other Commonwealth States. B. Eastern Europe: Struggling to Stay on the Reform Track
Guardado en:
| Formato: | Libro |
|---|---|
| Lenguaje: | inglés |
| Publicado: |
Praha
Československá tisková kancelář
1992
|
| Edición: | 1. vyd. |
| Materias: | |
| Etiquetas: |
Sin Etiquetas, Sea el primero en etiquetar este registro!
|
MARC
| LEADER | 00000nam a2200000 4500 | ||
|---|---|---|---|
| 001 | c001201 | ||
| 005 | 20221214085309.0 | ||
| 041 | 0 | |a eng | |
| 044 | |a CZ | ||
| 245 | 1 | 0 | |a A. The new russian revolution: The transition to Markets in Russia and the other Commonwealth States. B. Eastern Europe: Struggling to Stay on the Reform Track |
| 250 | |a 1. vyd. | ||
| 264 | 1 | |a Praha |b Československá tisková kancelář |c 1992 | |
| 610 | 2 | 0 | |a Rusko |
| 610 | 2 | 0 | |a Spoločenstvo nezávislých štátov |
| 610 | 2 | 0 | |a reformy hospodárske |
| 610 | 2 | 0 | |a hospodárstvo národné |
| 610 | 2 | 0 | |a politika fiškálna |
| 610 | 2 | 0 | |a privatizácia |
| 610 | 2 | 0 | |a legislatíva |
| 610 | 2 | 0 | |a konverzia priemyslu |